Best plays of the sixties
Gespeichert in:
| 1. Verfasser: | |
|---|---|
| Format: | Buch |
| Sprache: | Englisch |
| Veröffentlicht: |
Nueva York
Doubleday and Company
1970
|
| Schlagworte: | |
| Tags: |
Tag hinzufügen
Keine Tags, Fügen Sie den ersten Tag hinzu!
|
MARC
| LEADER | 00000nam a2200000 a 4500 | ||
|---|---|---|---|
| 001 | UCU4942 | ||
| 003 | CL-VaPUC | ||
| 008 | 960531e19700000US |||||||||||||||||eng|d | ||
| 082 | 0 | 4 | |a 808.82 |b RIC |2 21 |
| 100 | 0 | |a Richards, Stanley |e author |9 362711 | |
| 245 | 1 | 0 | |a Best plays of the sixties |
| 300 | |a 1036 p | ||
| 942 | |c BK | ||
| 945 | |d 19960531 00:00:00 |a rleighto | ||
| 260 | |a Nueva York |b Doubleday and Company |c 1970 | ||
| 600 | 0 | 7 | |a WILLIAMS, TENNESSEE |2 CL-VaPUC |9 362698 |
| 600 | 0 | 7 | |a ANOUILH, JEAN |2 CL-VaPUC |9 339519 |
| 600 | 0 | 7 | |a MARCUS, FRANK |2 CL-VaPUC |9 362712 |
| 650 | 7 | |a DRAMA ESTADOUNIDENSE |2 CL-VaPUC |9 319409 | |
| 650 | 0 | |a Drama francés |9 313202 | |
| 650 | 0 | |a Drama inglés |9 311029 | |
| 583 | |a last modification |c 19960531 00:00:00 |k Rodrigo Vera | ||
| 999 | |c 248466 |d 248464 | ||
| 952 | |0 0 |1 0 |4 0 |6 808_820000000000000_RIC_1970 |7 0 |8 A |9 265091 |a BIBEDU |b BIBEDU |d 2019-11-19 |i 3205231 |o 808.82 RIC 1970 |p 3205231 |r 2019-11-19 |w 2019-11-19 |y BK |k LIT | ||